| 000 | 00739pam a2200229 a 4500 | ||
|---|---|---|---|
| 001 | 1198804 | ||
| 005 | 20180104085444.0 | ||
| 008 | 980602s1999 njua b 001 0 eng | ||
| 010 | _a 98028315 | ||
| 020 | _a0137371233 | ||
| 040 |
_aDLC _cDLC _dDLC |
||
| 041 | _aeng | ||
| 080 | _a541.394 JEF | ||
| 082 | 0 | 0 |
_a541.394 JEF _221 |
| 100 | 1 | _a12 | |
| 101 | _aKIM | ||
| 245 | 1 | 0 |
_aChemical kinetics and dynamics / _cJeffrey I. Steinfeld, Joseph S. Francisco, William L. Hase. |
| 504 | _aIncludes bibliographical references and index. | ||
| 906 |
_a7 _bcbc _corignew _d1 _eocip _f19 _gy-gencatlg |
||
| 942 |
_2ddc _cBK |
||
| 999 |
_c39769 _d39769 |
||